000 00629nam a2200181Ia 4500
003 GCL
008 140319s9999 xx 000 0 ara d
040 _aGCL /
_cGCL
082 0 4 _aم
_b920
_bن م
100 1 _aنخبة من الاساتذة المصريين
245 1 0 _aمعجم اعلام الفكر الانسانى /
_cنخبة من الاساتذة المصريين
700 1 _aابراهيم مدكور
260 _aالقاهرة :
_bالهيئة المصرية العامة للكتاب ،
_c1984
300 _a1219 ص ؛
_c24 سم
650 0 4 _aالاسلام
650 0 4 _aالفلسفة
942 _2ddc
_cREF
999 _c59509
_d59509